Deutsche Landkreise und kreisfreie Städte nach Buchstabe - K - Statistiken

Allgemein
  • Dieses Quiz wurde 192 mal gespielt
    182 seit der letzten Aktualisierung
  • Das Durchschnittsergebnis liegt bei 17 aus 20
Antwortstatistiken
Bundesland Kreis % Korrekt
Hessen Kassel
97%
Hessen Kassel
97%
Rheinland-Pfalz Kaiserslautern
96%
Rheinland-Pfalz Kaiserslautern
96%
Baden-Württemberg Karlsruhe
95%
Baden-Württemberg Karlsruhe
95%
Nordrhein-Westfalen Köln
95%
Schleswig-Holstein Kiel
92%
Rheinland-Pfalz Koblenz
92%
Nordrhein-Westfalen Krefeld
83%
Bayern Kempten
82%
Bayern Kulmbach
79%
Baden-Württemberg Konstanz
78%
Bayern Kaufbeuren
77%
Bayern Kitzingen
73%
Nordrhein-Westfalen Kleve
70%
Rheinland-Pfalz Kusel
68%
Bayern Kelheim
67%
Bayern Kronach
66%
Thüringen Kyffhäuserkreis
61%
Keine übereinstimmenden Quizze gefunden
Verteilung der Resultate
Anzahl Personen mit jedem Resultat
Perzentil nach korrekt beantworteten Fragen
Ihre Resultats-Entwicklung
Sie haben dieses Quiz seit der letzten Aktualisierung nicht gespielt